000 00747nam a2200205 a 4500
001 000048520
005 20201002061220.0
008 190314s1995 dr a 000 0 spa d
020 _a9789945906967
040 _aDO-SdBNP
_bspa
_cBNPHU
082 _axxx
_bV297p
100 1 _aVargas Morel, Matías
_d1959-
_943255
245 1 3 _aEl parque los Haitises :
_blibro para colorear /
_cMatías Vargas Morel ; ilustración Angie Díaz.
260 _aSanto Domingo, :
_bFundación Propagas,
_c1995
_g2018.
300 _a26 p. :
_bil. ;
_c26 cm.
500 _aIncluye datos biografícos del autor en la contraportada.
500 _aLa biblioteca posee la 2da. reimpresión del 2018.
590 _aInventariado, 2019/ YL
700 1 2 _aDíaz, Angie
_eil.
_975938
999 _c48008
_d48008